000 00343nam a22001457a 4500
008 210312b ||||| |||| 00| 0 eng d
020 _a9780324125733
041 _aeng
080 _23rd
_a330.101.542
082 _a330.101.542
100 _a52
101 _aMIKRO
245 _aPrinciples of Microeconomics
_cGottheil, F
942 _2udc
_cBK
999 _c56544
_d56544